| 000 | 00456nam a2200157Ia 4500 | ||
|---|---|---|---|
| 008 | 210716s2011 xx 000 0 und d | ||
| 020 | _a9788132105312 | ||
| 041 | _aeng | ||
| 082 | _a332.3 GHOD | ||
| 100 | _aGhosh, D N. | ||
| 245 |
_aBusiness and polity: dynamics of a changing relationship. _bDynamics of a changing relationship. |
||
| 250 | _a1 | ||
| 260 |
_aNew Delhi _bSage Publications _c2011 |
||
| 300 | _axliv,422 | ||
| 650 | _aGeneral Management | ||
| 999 |
_c207877 _d207877 |
||